MY TOP 50 KPOP IDOLS I LIKE THE MOST Quiz Stats

 Plays Quiz not verified by Sporcle

Score 0/50 Timer 15:00
0 Plays Today
% Correct
Lisa
93.4%
Sehun
92.4%
Kai
92.4%
Jackson
91.7%
GD
91.6%
Chanyeol
90.7%
Taemin
90.1%
Jennie
90.1%
Minho
89.9%
Momo
89.9%
JB
89.8%
Key
89.3%
Onew
89.1%
Vernon
88.7%
Irene
88.1%
Krystal
88%
Woozi
87.4%
Eunwoo
87%
Jonghyun
86.8%
Joy
86.6%
Hani
86.4%
Seulgi
85.3%
Hoshi
85.2%
S.Coups
85%
Taeyeon
83.3%
% Correct
Taeyong
83.3%
V
82.4%
Joshua
81.9%
Mingyu
81%
Jeonghan
80.8%
Tiffany
80%
Solar
79.5%
Samuel
78.6%
Ren
76.5%
Sulli
73.7%
Ten
73.6%
Minhyuk
72.1%
Somi
71.3%
L
70.9%
Eunha
70.6%
Hyoyeon
70.4%
Jaejoong
69.7%
Sooyoung
69%
Jaehyun
69%
Chungha
65.5%
Eunji
63.1%
Naeun
59%
Gongchan
53.1%
Yura
52.2%
Sungjoo
22.7%

You're not logged in!

Compare scores with friends on all Sporcle quizzes.
OR
Log In

Sporcle TV

Today on Sporcle TV


Watch our educational content, quiz creation guides, and fun videos on Sporcle TV.

Show Comments

Extras

Top Quizzes Today


Score Distribution

Your Account Isn't Verified!

In order to create a playlist on Sporcle, you need to verify the email address you used during registration. Go to your Sporcle Settings to finish the process.

Report this User

Report this user for behavior that violates our Community Guidelines.

Details: